000 00448nam a2200169Ia 4500
999 _c4973
_d4973
003 GBCCL
005 20241126110531.0
008 180216b ||||| |||| 00| 0 eng d
020 _a8181310985
040 _cGBC
082 _a032
_bBRI
245 _aBritannica ready reference encyclopedia
260 _bEncyclopedia Britannica,
_aNew Delhi :
_c2004.
300 _av.
650 _aBritannica encyclopedia
_vready reference
_98993
942 _2ddc
_cBK